[Event "Europa tch femenino 2005"]
[Site "Gotebörg SWE"]
[Date "2005.07.31"]
[Round "2.1"]
[White "Kovalevskaya, Ekaterina"]
[Black "Bojkovic, Natasa"]
[Result "1/2-1/2"]
[WhiteElo "2471"]
[BlackElo "2386"]
[PlyCount "92"]
[EventDate "2005.07.30"]
[EventType "team"]
[EventRounds "9"]
[EventCountry "SWE"]
[Source "lmi"]
[SourceDate "2005.08.07"]

1. e4 c5 2. Nf3 e6 3. d4 cxd4 4. Nxd4 a6 5. Bd3 Bc5 6. Be3 d6 7. O-O Ne7 8. Nc3
Nd7 9. Qe2 O-O 10. Nb3 Bxe3 11. Qxe3 Qc7 12. Rfd1 Rd8 13. Be2 b6 14. Rd2 Bb7
15. Rad1 Nf6 16. Bf3 Ne8 17. Nd4 Ng6 18. Be2 Nf6 19. Nf3 h6 20. h3 b5 21. Bd3
Rab8 22. a3 Ba8 23. Ne2 d5 24. e5 Ne4 25. Bxe4 dxe4 26. Nfd4 Qxe5 27. Nc3 Rdc8
28. Nde2 Bc6 29. Rd6 Bb7 30. Rd7 Nf8 31. R7d6 Rc7 32. Rd8 Rcc8 33. R8d6 Rc7 34.
Rd8 Rbc8 35. Qd4 Qxd4 36. R1xd4 f5 37. Rxc8 Rxc8 38. a4 bxa4 39. Rxa4 Nd7 40.
Rb4 Rc7 41. Nd4 Kf7 42. Nb3 Kf6 43. Nd2 Ne5 44. Nb3 Nd7 45. Nd2 Ne5 46. Nb3 Nd7
1/2-1/2

[Event "Europa tch femenino 2005"]
[Site "Gotebörg SWE"]
[Date "2005.07.31"]
[Round "2.2"]
[White "Zielinska, Marta"]
[Black "Dzagnidze, Nana"]
[Result "0-1"]
[WhiteElo "2410"]
[BlackElo "2438"]
[PlyCount "114"]
[EventDate "2005.07.30"]
[EventType "team"]
[EventRounds "9"]
[EventCountry "SWE"]
[Source "lmi"]
[SourceDate "2005.08.07"]

1. g3 d5 2. Bg2 c5 3. Nf3 Nc6 4. d3 e5 5. Nbd2 Be6 6. O-O f6 7. e4 Nge7 8. exd5
Nxd5 9. c3 Be7 10. Re1 Bf7 11. Nh4 Qd7 12. Qf3 O-O 13. Nf5 Be6 14. Bh3 Kh8 15.
Nxe7 Ndxe7 16. Bxe6 Qxe6 17. Nb3 Qd6 18. Be3 b6 19. Rad1 Rad8 20. Qe2 Nd5 21.
Bc1 f5 22. Nd2 Rde8 23. Nc4 Qd7 24. Qh5 Re6 25. Qh3 Qf7 26. Qg2 Rd8 27. Ne3
Nxe3 28. Bxe3 Red6 29. Qf3 h6 30. Bc1 Qd7 31. Qh5 Kh7 32. Bg5 Re8 33. Bc1 Rd8
34. Bg5 Re8 35. Bc1 Re7 36. Bg5 Ree6 37. Bc1 Rg6 38. Qe2 f4 39. Qe4 Rdf6 40.
Kh1 Kh8 41. gxf4 Rg4 42. Rg1 exf4 43. Rxg4 Qxg4 44. f3 Qg5 45. Rg1 Qf5 46. Re1
Qxe4 47. Rxe4 g5 48. b3 Rd6 49. d4 cxd4 50. cxd4 Kg8 51. Ba3 Rxd4 52. Re6 Rd1+
53. Kg2 Nd4 54. Rxh6 Rd2+ 55. Kh3 Kg7 56. Rh5 Nxf3 57. Kg4 Kg6 0-1

[Event "Europa tch femenino 2005"]
[Site "Gotebörg SWE"]
[Date "2005.07.31"]
[Round "2.2"]
[White "Socko, Monika"]
[Black "Khurtsidze, Nino"]
[Result "1-0"]
[WhiteElo "2465"]
[BlackElo "2449"]
[PlyCount "73"]
[EventDate "2005.07.30"]
[EventType "team"]
[EventRounds "9"]
[EventCountry "SWE"]
[Source "lmi"]
[SourceDate "2005.08.07"]

1. g3 d5 2. Bg2 Nf6 3. d3 e5 4. Nd2 Bd6 5. e4 c6 6. Ngf3 Bg4 7. h3 Bh5 8. O-O
O-O 9. b3 Nbd7 10. Bb2 Re8 11. Qe1 Qc7 12. Nh4 Nc5 13. Nf5 dxe4 14. Nxd6 Qxd6
15. Nc4 Qc7 16. Qe3 Nfd7 17. dxe4 f6 18. Rfe1 b5 19. Nd2 Ne6 20. a4 a6 21. Nf1
Red8 22. f3 Bf7 23. Qf2 b4 24. Ne3 a5 25. Rf1 Qa7 26. Kh1 Nd4 27. f4 Re8 28.
Rad1 c5 29. Nf5 Nb6 30. fxe5 fxe5 31. Rd2 Rf8 32. Qe3 Rad8 33. Rdf2 Qd7 34.
Bxd4 exd4 35. Qg5 g6 36. Nh6+ Kg7 37. Rxf7+ 1-0

[Event "Europa tch femenino 2005"]
[Site "Gotebörg SWE"]
[Date "2005.07.31"]
[Round "2.2"]
[White "Lomineishvili, Maia"]
[Black "Zawadzka, Jolanta"]
[Result "1/2-1/2"]
[WhiteElo "2420"]
[BlackElo "2402"]
[PlyCount "67"]
[EventDate "2005.07.30"]
[EventType "team"]
[EventRounds "9"]
[EventCountry "SWE"]
[Source "lmi"]
[SourceDate "2005.08.07"]

1. d4 Nf6 2. c4 g6 3. Nc3 Bg7 4. e4 d6 5. Nf3 O-O 6. h3 e5 7. d5 a5 8. Bg5 Na6
9. Nd2 Nc5 10. Be2 c6 11. O-O a4 12. b4 axb3 13. axb3 Rxa1 14. Qxa1 Na6 15.
dxc6 bxc6 16. Qa3 h6 17. Be3 c5 18. Qc1 Nb4 19. Rd1 Bb7 20. Nf1 Qb8 21. Bxh6
Nxe4 22. Nxe4 Bxe4 23. Bxg7 Kxg7 24. Ng3 Bc2 25. Rd2 Bxb3 26. Rb2 Ba4 27. Nh5+
gxh5 28. Qg5+ Kh8 29. Qxh5+ Kg7 30. Qg5+ Kh8 31. Bd3 f5 32. Qh6+ Kg8 33. Qg6+
Kh8 34. Qh6+ 1/2-1/2

[Event "Europa tch femenino 2005"]
[Site "Gotebörg SWE"]
[Date "2005.07.31"]
[Round "2.3"]
[White "Voiska, Margarita"]
[Black "Gaponenko, Inna"]
[Result "1/2-1/2"]
[WhiteElo "2328"]
[BlackElo "2439"]
[PlyCount "75"]
[EventDate "2005.07.30"]
[EventType "team"]
[EventRounds "9"]
[EventCountry "SWE"]
[Source "lmi"]
[SourceDate "2005.08.07"]

1. d4 f5 2. g3 Nf6 3. Bg2 g6 4. Nf3 Bg7 5. O-O O-O 6. c3 d6 7. Nbd2 Nc6 8. b4
a6 9. Qb3+ e6 10. Bb2 Qe8 11. Rfe1 h6 12. e4 Qf7 13. e5 Ne8 14. exd6 cxd6 15.
d5 Nd8 16. Nc4 Qc7 17. a4 Nf6 18. Nd4 e5 19. Nf3 Kh7 20. Nfd2 e4 21. f3 Nxd5
22. fxe4 Nf6 23. exf5 Bxf5 24. Ne3 Be6 25. c4 Nc6 26. a5 Rae8 27. Nf3 b5 28.
axb6 Qxb6 29. Qa4 Bd7 30. Qxa6 Qxb4 31. Ba3 Qb3 32. Rab1 Qd3 33. Rbd1 Qc3 34.
Rc1 Qb3 35. Rb1 Qc3 36. Rbc1 Qb3 37. Rb1 Qc3 38. Rbc1 1/2-1/2

[Event "Europa tch femenino 2005"]
[Site "Gotebörg SWE"]
[Date "2005.07.31"]
[Round "2.3"]
[White "Velcheva, Maria"]
[Black "Vasilevich, Tatjana"]
[Result "0-1"]
[WhiteElo "2274"]
[BlackElo "2393"]
[PlyCount "72"]
[EventDate "2005.07.30"]
[EventType "team"]
[EventRounds "9"]
[EventCountry "SWE"]
[Source "lmi"]
[SourceDate "2005.08.07"]

1. e4 c5 2. Nf3 a6 3. c3 d5 4. exd5 Qxd5 5. d4 Nf6 6. Be2 e6 7. O-O Be7 8. Be3
cxd4 9. cxd4 Nc6 10. Nc3 Qd6 11. Qd2 Nb4 12. Bf4 Qb6 13. Ne5 O-O 14. a3 Nbd5
15. Nxd5 Nxd5 16. Bg3 Rd8 17. Rfd1 Bd7 18. Bc4 Bb5 19. Ba2 Ba4 20. Re1 Rac8 21.
Rac1 Rxc1 22. Rxc1 Nf6 23. Nf3 Ne4 24. Qe2 Nxg3 25. hxg3 Bf6 26. Qc4 Bc6 27.
Qc2 Bxf3 28. gxf3 Bxd4 29. b4 g6 30. Bb3 a5 31. bxa5 Qxa5 32. a4 Qg5 33. Kf1
Bxf2 34. g4 Bb6 35. Rd1 Rxd1+ 36. Qxd1 Qe3 0-1

[Event "Europa tch femenino 2005"]
[Site "Gotebörg SWE"]
[Date "2005.07.31"]
[Round "2.4"]
[White "Makropoulou, Marina"]
[Black "Medvegy, Nora"]
[Result "1-0"]
[WhiteElo "2287"]
[BlackElo "2387"]
[PlyCount "129"]
[EventDate "2005.07.30"]
[EventType "team"]
[EventRounds "9"]
[EventCountry "SWE"]
[Source "lmi"]
[SourceDate "2005.08.07"]

1. e4 c5 2. Nf3 e6 3. b3 b6 4. d4 cxd4 5. Nxd4 Bb7 6. Bd3 Bc5 7. c3 Nc6 8. Nxc6
Bxc6 9. O-O Qh4 10. Nd2 Nf6 11. Nf3 Qh5 12. Qe2 O-O 13. b4 Be7 14. Re1 a5 15.
bxa5 Rxa5 16. Nd4 Qxe2 17. Rxe2 Rfa8 18. f3 Bb7 19. Nb3 R5a7 20. Be3 Bd8 21.
Nd4 d5 22. e5 Nd7 23. f4 Nc5 24. Bc2 g6 25. Nb3 Be7 26. Nxc5 Bxc5 27. Bxc5 bxc5
28. a4 Bc6 29. Bd1 Ra6 30. Rea2 Ra5 31. Kf2 Rb8 32. g3 Kg7 33. Ke3 f6 34. exf6+
Kxf6 35. Bc2 e5 36. fxe5+ Kxe5 37. Kd2 Rf8 38. Re1+ Kd6 39. Re2 Ra6 40. Ra1 Ra7
41. Rae1 Bd7 42. Rb1 Bg4 43. Rg2 Bh3 44. Re2 Bg4 45. Rg2 Raf7 46. Rb6+ Kc7 47.
Ra6 Rf2+ 48. Rxf2 Rxf2+ 49. Kc1 Rxh2 50. a5 Be2 51. Re6 Bb5 52. a6 d4 53. cxd4
cxd4 54. a7 Rxc2+ 55. Kxc2 Kb7 56. Re7+ Ka8 57. Rxh7 Be2 58. Kd2 d3 59. Rg7 g5
60. Ke3 g4 61. Rf7 d2 62. Kxd2 Bb5 63. Ke3 Ba6 64. Kf4 Bc8 65. Rf8 1-0

[Event "Europa tch femenino 2005"]
[Site "Gotebörg SWE"]
[Date "2005.07.31"]
[Round "2.4"]
[White "Lakos, Nikoletta"]
[Black "Fakhiridou, Ekaterini"]
[Result "1/2-1/2"]
[WhiteElo "2313"]
[BlackElo "2272"]
[PlyCount "52"]
[EventDate "2005.07.30"]
[EventType "team"]
[EventRounds "9"]
[EventCountry "SWE"]
[Source "lmi"]
[SourceDate "2005.08.07"]

1. e4 e5 2. Nf3 Nc6 3. Bc4 Bc5 4. d3 Nf6 5. c3 a6 6. Nbd2 d6 7. Bb3 Ba7 8. Nf1
O-O 9. Ng3 h6 10. O-O Ne7 11. d4 Ng6 12. h3 Re8 13. Re1 Nh7 14. Be3 Be6 15. Qd2
Nh4 16. Bd1 Nxf3+ 17. Bxf3 Qf6 18. Bg4 Bxg4 19. hxg4 Qg6 20. f3 Nf6 21. Kf2 d5
22. dxe5 Bxe3+ 23. Rxe3 Rxe5 24. Rae1 dxe4 25. Nxe4 Rae8 26. Nxf6+ Qxf6 1/2-1/2

[Event "Europa tch femenino 2005"]
[Site "Gotebörg SWE"]
[Date "2005.07.31"]
[Round "2.4"]
[White "Dembo, Yelena"]
[Black "Madl, Ildiko"]
[Result "1-0"]
[WhiteElo "2428"]
[BlackElo "2382"]
[PlyCount "117"]
[EventDate "2005.07.30"]
[EventType "team"]
[EventRounds "9"]
[EventCountry "SWE"]
[Source "lmi"]
[SourceDate "2005.08.07"]

1. e4 c5 2. Nf3 d6 3. d4 cxd4 4. Nxd4 Nf6 5. Nc3 Nc6 6. Bg5 Bd7 7. Qd2 Rc8 8.
f4 h6 9. Bxf6 gxf6 10. O-O-O Nxd4 11. Qxd4 Qa5 12. Kb1 Qc5 13. Qd2 Bg7 14. Be2
a5 15. Qd3 Kf8 16. f5 h5 17. Rhf1 h4 18. g3 Bc6 19. gxh4 Bh6 20. Rf3 Qe5 21.
Rg3 Qf4 22. Nd5 Qe5 23. Rdg1 Bxd5 24. Qxd5 Qxd5 25. exd5 Bf4 26. Rg4 Be3 27.
R1g2 Rc5 28. c4 Rc8 29. Re4 Bh6 30. b3 b6 31. Bd3 Rc7 32. Kb2 Ke8 33. Reg4 Kd7
34. Be2 Rcc8 35. Bf3 Rb8 36. Re4 Rhg8 37. Rge2 Bf8 38. Re1 Rg7 39. Ka3 b5 40.
cxb5 Rxb5 41. Rc4 Rc5 42. Rxc5 dxc5 43. Ka4 Rh7 44. Re4 Rh8 45. Kxa5 Bh6 46.
Kb5 Kd6 47. Ra4 Be3 48. h5 Rb8+ 49. Kc4 Ke5 50. Kd3 Bh6 51. Re4+ Kd6 52. Kc3
Rg8 53. Rg4 Re8 54. a4 Ke5 55. a5 Kd6 56. a6 Ra8 57. Ra4 Ra7 58. Kc4 Be3 59.
Kb5 1-0

[Event "Europa tch femenino 2005"]
[Site "Gotebörg SWE"]
[Date "2005.07.31"]
[Round "2.5"]
[White "Galojan, Lilit"]
[Black "Hamelink, Desiree"]
[Result "1-0"]
[WhiteElo "2223"]
[BlackElo "2195"]
[PlyCount "139"]
[EventDate "2005.07.30"]
[EventType "team"]
[EventRounds "9"]
[EventCountry "SWE"]
[Source "lmi"]
[SourceDate "2005.08.07"]

1. d4 d5 2. c4 c6 3. Nf3 Nf6 4. e3 a6 5. Nc3 b5 6. c5 Bg4 7. Qb3 Nbd7 8. a4 e6
9. Qa3 Rb8 10. axb5 axb5 11. Qa5 Qxa5 12. Rxa5 Be7 13. Ra6 Rc8 14. Be2 O-O 15.
O-O Ne4 16. Nd2 Nxd2 17. Bxd2 Bxe2 18. Nxe2 Rfe8 19. Ra7 Nf8 20. Bb4 Bf6 21. f4
Re7 22. Ra6 Nd7 23. Rfa1 Nb8 24. Ra8 Ree8 25. R1a7 Re7 26. Ra1 g6 27. Nc1 h5
28. Nd3 Kf8 29. Bc3 Rb7 30. Nb4 Ke8 31. Be1 Kd7 32. Bg3 h4 33. Be1 Bd8 34. Nd3
Bf6 35. Kf1 Rh8 36. Ke2 Rg8 37. g4 hxg3 38. Bxg3 Bh8 39. R1a7 Kc8 40. Nb4 Rxa7
41. Rxa7 f5 42. Re7 Kd8 43. Rxe6 Kd7 44. Rd6+ Kc7 45. Bh4 Re8 46. Kf3 Rg8 47.
Bg5 Kb7 48. Bf6 Bxf6 49. Rxf6 Rg7 50. h4 Kc7 51. Re6 Kd7 52. Rd6+ Kc7 53. b3
Rg8 54. Nd3 Nd7 55. Ne5 Nxe5+ 56. fxe5 Rh8 57. Rxg6 Rxh4 58. Rg7+ Kd8 59. Rg5
Rh2 60. Rxf5 Rb2 61. Rf6 Kc7 62. Rf7+ Kd8 63. e6 Rxb3 64. Kf4 Ra3 65. Ke5 Rxe3+
66. Kd6 Ke8 67. Rc7 Kd8 68. e7+ Ke8 69. Rc8+ Kf7 70. Rf8+ 1-0

[Event "Europa tch femenino 2005"]
[Site "Gotebörg SWE"]
[Date "2005.07.31"]
[Round "2.6"]
[White "Skripchenko, Almira"]
[Black "Paehtz, Elisabeth"]
[Result "1/2-1/2"]
[WhiteElo "2437"]
[BlackElo "2421"]
[PlyCount "72"]
[EventDate "2005.07.30"]
[EventType "team"]
[EventRounds "9"]
[EventCountry "SWE"]
[Source "lmi"]
[SourceDate "2005.08.07"]

1. e4 e6 2. d4 d5 3. Nc3 dxe4 4. Nxe4 Nd7 5. Nf3 Ngf6 6. Bg5 h6 7. Nxf6+ Nxf6
8. Bxf6 Qxf6 9. Bb5+ c6 10. Bd3 Bd6 11. Qe2 Bd7 12. O-O-O O-O-O 13. Kb1 Kb8 14.
Rhe1 Bc8 15. Ne5 c5 16. dxc5 Bxc5 17. f4 Qe7 18. Be4 Bb6 19. Qb5 f6 20. Nd3 Qc7
21. Bg6 Rd5 22. Qb3 Rhd8 23. Re4 Rd4 24. Rde1 Rxe4 25. Rxe4 Qc6 26. a3 Rd4 27.
Rxd4 Bxd4 28. Qb4 Be3 29. Qf8 Qxg2 30. Qxg7 Bxf4 31. Qxf6 Bxh2 32. Bf7 Qg1+ 33.
Ka2 Qg5 34. Qh8 Qd5+ 35. Kb1 Qh1+ 36. Ka2 Qd5+ 1/2-1/2

[Event "Europa tch femenino 2005"]
[Site "Gotebörg SWE"]
[Date "2005.07.31"]
[Round "2.6"]
[White "Mietzner, Tina"]
[Black "Muller, Anne"]
[Result "0-1"]
[WhiteElo "2286"]
[BlackElo "2169"]
[PlyCount "114"]
[EventDate "2005.07.30"]
[EventType "team"]
[EventRounds "9"]
[EventCountry "SWE"]
[Source "lmi"]
[SourceDate "2005.08.07"]

1. e4 c5 2. Nf3 d6 3. d4 cxd4 4. Nxd4 Nf6 5. Nc3 Nc6 6. Bg5 e6 7. Qd2 Be7 8. f3
Qb6 9. Nb3 O-O 10. O-O-O Rd8 11. Be3 Qc7 12. Qf2 d5 13. exd5 Nxd5 14. Nxd5 Rxd5
15. Rxd5 exd5 16. Kb1 Bf5 17. h4 h6 18. g4 Bh7 19. f4 Be4 20. Bg2 Re8 21. Bxe4
dxe4 22. h5 f6 23. Rg1 b6 24. a3 Qd8 25. Qg2 Qd5 26. Kc1 Bd8 27. Rd1 Qe6 28.
Kb1 Be7 29. Nd4 Nxd4 30. Rxd4 Bc5 31. g5 fxg5 32. fxg5 hxg5 33. Qxg5 Bxd4 34.
Bxd4 Re7 35. h6 e3 36. Bxg7 Kh7 37. Bc3 e2 38. Be1 Rd7 39. b3 Qg6 40. Qb5 Rd1+
41. Kb2 Qf6+ 42. Bc3 Qxc3+ 43. Kxc3 e1=Q+ 44. Kb2 Qe4 45. b4 Qd4+ 46. Kb3 Qd5+
47. Ka4 Kxh6 48. c4 Qe4 49. Qa6 Qc2+ 50. Kb5 Qf5+ 51. Ka4 Qd7+ 52. Qb5 Kg6 53.
c5 bxc5 54. bxc5 Kf6 55. c6 Rd4+ 56. Ka5 Qc7+ 57. Ka6 Ra4+ 0-1

[Event "Europa tch femenino 2005"]
[Site "Gotebörg SWE"]
[Date "2005.07.31"]
[Round "2.7"]
[White "Svendsen, Hannelore"]
[Black "Bogza, Adina-Maria"]
[Result "0-1"]
[WhiteElo "1775"]
[BlackElo "2325"]
[PlyCount "76"]
[EventDate "2005.07.30"]
[EventType "team"]
[EventRounds "9"]
[EventCountry "SWE"]
[Source "lmi"]
[SourceDate "2005.08.07"]

1. Nf3 Nf6 2. g3 g6 3. Bg2 Bg7 4. c4 d5 5. cxd5 Nxd5 6. d4 Nb6 7. Nc3 Nc6 8. e3
O-O 9. O-O Re8 10. Ne1 e5 11. d5 Na5 12. e4 c6 13. Nc2 cxd5 14. Nxd5 Nxd5 15.
exd5 Bd7 16. Ne3 Rc8 17. Rb1 Bf8 18. a3 b5 19. b4 Nc4 20. Re1 a5 21. Ng4 axb4
22. axb4 f5 23. Ne3 Bd6 24. Qb3 Qc7 25. Bf1 f4 26. Nc2 Bf5 27. Bd3 e4 28. Bxc4
bxc4 29. Qa4 e3 30. fxe3 Ra8 31. Qc6 Bxc2 32. Rb2 Be4 33. b5 fxg3 34. hxg3 Bxg3
35. Qxc7 Bxc7 36. b6 Be5 37. Rb5 Ra2 38. Rd1 Rg2+ 0-1

[Event "Europa tch femenino 2005"]
[Site "Gotebörg SWE"]
[Date "2005.07.31"]
[Round "2.7"]
[White "Seps, Monika"]
[Black "Foisor, Cristina Adela"]
[Result "0-1"]
[WhiteElo "2173"]
[BlackElo "2402"]
[PlyCount "54"]
[EventDate "2005.07.30"]
[EventType "team"]
[EventRounds "9"]
[EventCountry "SWE"]
[Source "lmi"]
[SourceDate "2005.08.07"]

1. e4 c6 2. d4 g6 3. Nc3 d5 4. e5 f6 5. f4 Nh6 6. Nf3 Bg4 7. h3 Bxf3 8. Qxf3
Nf5 9. Ne2 fxe5 10. dxe5 e6 11. Bd2 Qb6 12. O-O-O Bc5 13. Kb1 Nd7 14. h4 h5 15.
g4 hxg4 16. Qxg4 O-O-O 17. Nc3 Rdg8 18. Bd3 Bd4 19. Na4 Qd8 20. c4 Kb8 21. Rc1
Nb6 22. Nxb6 Bxb6 23. cxd5 Qxd5 24. Bxf5 gxf5 25. Qd1 Rg2 26. Bb4 Qe4+ 27. Ka1
Qxb4 0-1

[Event "Europa tch femenino 2005"]
[Site "Gotebörg SWE"]
[Date "2005.07.31"]
[Round "2.7"]
[White "Peptan, Corina-Isabela"]
[Black "Lematschko, Tatjana"]
[Result "1-0"]
[WhiteElo "2411"]
[BlackElo "2205"]
[PlyCount "109"]
[EventDate "2005.07.30"]
[EventType "team"]
[EventRounds "9"]
[EventCountry "SWE"]
[Source "lmi"]
[SourceDate "2005.08.07"]

1. e4 e5 2. Nf3 Nc6 3. Bb5 Nf6 4. O-O Nxe4 5. Re1 Nd6 6. Nxe5 Nxe5 7. Rxe5+ Be7
8. Bf1 O-O 9. d4 Bf6 10. Re1 Re8 11. Rxe8+ Nxe8 12. Bf4 d5 13. c3 c6 14. Nd2
Bf5 15. Qb3 Qb6 16. Re1 Be6 17. Qc2 g6 18. Nf3 Bf5 19. Qd2 Qd8 20. Be5 Be7 21.
h3 Ng7 22. Qe3 Bf8 23. g4 Bd7 24. Bg3 f6 25. Qd2 Be8 26. Bd3 Bf7 27. Kg2 Ne6
28. h4 Bd6 29. g5 Bxg3 30. fxg3 fxg5 31. hxg5 Nf8 32. Ne5 Be6 33. Qf4 Rc8 34.
Rf1 Qe7 35. Rf2 Re8 36. Kh2 Qg7 37. Re2 Nd7 38. Ng4 Rf8 39. Nh6+ Qxh6+ 40. gxh6
Rxf4 41. gxf4 Kf7 42. Bxg6+ Kxg6 43. Rxe6+ Kf7 44. Re2 Nf6 45. Rg2 Ne8 46. Kh3
b6 47. Kh4 a5 48. Kg5 Nd6 49. f5 Kf8 50. Kf6 Nf7 51. Rg7 Nxh6 52. Rxh7 Ng4+ 53.
Ke6 Kg8 54. Rb7 b5 55. f6 1-0

[Event "Europa tch femenino 2005"]
[Site "Gotebörg SWE"]
[Date "2005.07.31"]
[Round "2.7"]
[White "Olarasu, Gabriela"]
[Black "Roelli, Corinne"]
[Result "1-0"]
[WhiteElo "2306"]
[BlackElo "2001"]
[PlyCount "59"]
[EventDate "2005.07.30"]
[EventType "team"]
[EventRounds "9"]
[EventCountry "SWE"]
[Source "lmi"]
[SourceDate "2005.08.07"]

1. d4 d5 2. c4 e6 3. Nc3 Nf6 4. Bg5 Be7 5. e3 c6 6. cxd5 exd5 7. Bd3 Be6 8. Qc2
Nbd7 9. h3 c5 10. dxc5 Bxc5 11. Nge2 O-O 12. Bxh7+ Kh8 13. Bf5 Rc8 14. O-O b5
15. a3 Qb6 16. Rfd1 Qb8 17. Nf4 Rfe8 18. Nxe6 fxe6 19. Bg6 Rf8 20. Qe2 a6 21.
Rac1 Bd6 22. Rd4 Rc4 23. Bd3 e5 24. Rxd5 Rxc3 25. Rxc3 e4 26. Bxf6 Nxf6 27. Bb1
Be5 28. Rcc5 Nxd5 29. Rxd5 Bh2+ 30. Kh1 1-0

[Event "Europa tch femenino 2005"]
[Site "Gotebörg SWE"]
[Date "2005.07.31"]
[Round "2.8"]
[White "Vega Gutierrez, Sabrina"]
[Black "Srebrnic, Ana"]
[Result "1/2-1/2"]
[WhiteElo "2262"]
[BlackElo "2289"]
[PlyCount "39"]
[EventDate "2005.07.30"]
[EventType "team"]
[EventRounds "9"]
[EventCountry "SWE"]
[Source "lmi"]
[SourceDate "2005.08.07"]

1. e4 e5 2. Nf3 Nf6 3. Nc3 Nc6 4. d4 Bb4 5. Nxe5 Qe7 6. Nxc6 Qxe4+ 7. Be2 Bxc3+
8. bxc3 Qxc6 9. O-O Qxc3 10. Rb1 O-O 11. Rb3 Qa5 12. Bd2 Qa4 13. Bg5 Ne4 14.
Bf4 d5 15. Bxc7 Qc6 16. Be5 Bf5 17. Bd3 Bg6 18. Bb5 Qc8 19. Bd3 Qc6 20. Bb5
1/2-1/2

[Event "Europa tch femenino 2005"]
[Site "Gotebörg SWE"]
[Date "2005.07.31"]
[Round "2.8"]
[White "Trujillo Delgado, Dafnae"]
[Black "Rozic, Vesna"]
[Result "0-1"]
[WhiteElo "2219"]
[BlackElo "2192"]
[PlyCount "82"]
[EventDate "2005.07.30"]
[EventType "team"]
[EventRounds "9"]
[EventCountry "SWE"]
[Source "lmi"]
[SourceDate "2005.08.07"]

1. e4 e6 2. d4 d5 3. Nd2 dxe4 4. Nxe4 Nd7 5. Bd3 Ngf6 6. Qe2 c5 7. Nxf6+ Nxf6
8. dxc5 Bxc5 9. Bd2 Qb6 10. O-O-O Bd7 11. Nf3 Ng4 12. Rhf1 h6 13. Be1 O-O-O 14.
h3 Nf6 15. Bc3 Bc6 16. Ne5 Qc7 17. Nxc6 Qxc6 18. Bb5 Qb6 19. a4 a6 20. Bd3 Bd4
21. a5 Qc7 22. Bd2 Rd7 23. Kb1 Rhd8 24. g4 Bc5 25. f4 Nd5 26. f5 e5 27. f6 g6
28. Rde1 Re8 29. Qe4 Re6 30. Qa4 Rxf6 31. Rxf6 Nxf6 32. Bxh6 Rd4 33. Qa2 Nd5
34. Rf1 Qd7 35. Bg7 Ra4 36. Rxf7 Qc6 37. Qxa4 Qxa4 38. Bxg6 Nb4 39. Bxe5 Qa2+
40. Kc1 Be3+ 41. Kd1 Qd5+ 0-1

[Event "Europa tch femenino 2005"]
[Site "Gotebörg SWE"]
[Date "2005.07.31"]
[Round "2.8"]
[White "Kaps, Darja"]
[Black "Hernandez, Yudania"]
[Result "0-1"]
[WhiteElo "2319"]
[BlackElo "2234"]
[PlyCount "84"]
[EventDate "2005.07.30"]
[EventType "team"]
[EventRounds "9"]
[EventCountry "SWE"]
[Source "lmi"]
[SourceDate "2005.08.07"]

1. d4 d5 2. Bg5 c6 3. e3 Qb6 4. Qc1 h6 5. Bh4 e5 6. Nf3 exd4 7. exd4 g5 8. Bg3
g4 9. Qe3+ Be6 10. Nfd2 Qxb2 11. Nb3 Nd7 12. Bd3 Be7 13. O-O Ngf6 14. f4 gxf3
15. Be1 Rg8 16. g3 Ne4 17. Qxf3 O-O-O 18. Ba5 Ndf6 19. Bxd8 Bxd8 20. Qg2 h5 21.
N1d2 h4 22. Nxe4 dxe4 23. Rab1 Qc3 24. Rxf6 Bxf6 25. Qxe4 hxg3 26. h3 a5 27.
Rf1 Bxb3 28. axb3 g2 29. Qf5+ Kb8 30. Qxf6 gxf1=Q+ 31. Kxf1 Qa1+ 32. Ke2 Re8+
33. Kf3 Qh1+ 34. Kg4 Qg2+ 35. Kh4 Ka8 36. Bf5 Qf2+ 37. Kh5 Qf4 38. c4 Ka7 39.
c5 Qf3+ 40. Kh4 Qxb3 41. Bd7 Re4+ 42. Bg4 Qd5 0-1

[Event "Europa tch femenino 2005"]
[Site "Gotebörg SWE"]
[Date "2005.07.31"]
[Round "2.9"]
[White "Pertlova, Sona"]
[Black "Vasiliev, Olga"]
[Result "0-1"]
[WhiteElo "2086"]
[BlackElo "2202"]
[PlyCount "67"]
[EventDate "2005.07.30"]
[EventType "team"]
[EventRounds "9"]
[EventCountry "SWE"]
[Source "lmi"]
[SourceDate "2005.08.07"]

1. e4 d5 2. exd5 Nf6 3. d4 Bg4 4. f3 Bf5 5. Bb5+ Nbd7 6. c4 e6 7. dxe6 Bxe6 8.
Nc3 Bb4 9. d5 Bf5 10. Qe2+ Kf8 11. g4 Bg6 12. Be3 a6 13. Bxd7 Qxd7 14. O-O-O
Bxc3 15. bxc3 Re8 16. Nh3 Qa4 17. Kb2 Nd7 18. Nf4 Nb6 19. Nxg6+ hxg6 20. Rd4
Qa5 21. Qd2 Qc5 22. Kb3 Rxe3 23. Qxe3 Nxc4 24. Qc1 Qb5+ 25. Kc2 Rh3 26. Qf4
Na3+ 27. Kd1 Qb1+ 28. Qc1 Qxa2 29. Rd2 Qb3+ 30. Ke2 Nc4 31. Rc2 Ne5 32. Rf1
Rxh2+ 33. Rf2 Rxf2+ 34. Kxf2 0-1

[Event "Europa tch femenino 2005"]
[Site "Gotebörg SWE"]
[Date "2005.07.31"]
[Round "2.9"]
[White "Klinova, Masha"]
[Black "Jackova, Jana"]
[Result "0-1"]
[WhiteElo "2384"]
[BlackElo "2386"]
[PlyCount "79"]
[EventDate "2005.07.30"]
[EventType "team"]
[EventRounds "9"]
[EventCountry "SWE"]
[Source "lmi"]
[SourceDate "2005.08.07"]

1. e4 e5 2. Nf3 Nc6 3. Bc4 Bc5 4. d3 Nf6 5. c3 a6 6. Bb3 Ba7 7. Nbd2 O-O 8. h3
d6 9. Nf1 Nh5 10. Bg5 Qe8 11. Qd2 Be6 12. g4 Bxb3 13. axb3 f6 14. Be3 Nf4 15.
Bxf4 exf4 16. O-O-O Na5 17. Qxf4 Nxb3+ 18. Kc2 Qa4 19. Ne3 a5 20. Kb1 Bxe3 21.
Qxe3 Ra6 22. Nd2 Rb6 23. Nxb3 Qxb3 24. Qd2 a4 25. Qc2 Qb5 26. Ka2 c5 27. c4 Qd7
28. f4 Rb4 29. Rdg1 b5 30. f5 Rb8 31. Rg2 Qe7 32. Rc1 h6 33. h4 bxc4 34. dxc4
Rxb2+ 35. Qxb2 Rxb2+ 36. Rxb2 Qxe4 37. g5 hxg5 38. hxg5 fxg5 39. Rf2 Qe3 40.
Rg2 0-1

[Event "Europa tch femenino 2005"]
[Site "Gotebörg SWE"]
[Date "2005.07.31"]
[Round "2.9"]
[White "Igla, Bella"]
[Black "Sikorova, Olga"]
[Result "1/2-1/2"]
[WhiteElo "2299"]
[BlackElo "2232"]
[PlyCount "129"]
[EventDate "2005.07.30"]
[EventType "team"]
[EventRounds "9"]
[EventCountry "SWE"]
[Source "lmi"]
[SourceDate "2005.08.07"]

1. d4 Nf6 2. c4 e6 3. Nc3 Bb4 4. Qc2 d5 5. cxd5 Qxd5 6. e3 O-O 7. Nf3 c5 8. Bd2
Bxc3 9. Bxc3 cxd4 10. Bxd4 Nc6 11. Bxf6 gxf6 12. Be2 Qa5+ 13. Nd2 Rd8 14. a3
Ne5 15. Rd1 Bd7 16. f4 Rac8 17. Qb1 Ng6 18. O-O Ba4 19. Nc4 Rxd1 20. Nxa5 Rxb1
21. Rxb1 b6 22. Nc4 Bb3 23. Nd6 Rd8 24. Ne4 Kg7 25. Nc3 e5 26. g3 Ne7 27. Kf2
Nf5 28. Bd1 Bc4 29. b3 Rd2+ 30. Ne2 Ba6 31. Rc1 Rd3 32. Nc3 Rd2+ 33. Ne2 exf4
34. gxf4 Rd3 35. Nc3 Rd2+ 36. Be2 Bxe2 37. Nxe2 Rb2 38. Rc3 Nd6 39. Kf3 Nb5 40.
Rd3 Nxa3 41. h4 Nc2 42. Rc3 f5 43. e4 b5 44. e5 b4 45. Rc7 Kf8 46. Rxa7 Rxb3+
47. Kf2 Rh3 48. Ra8+ Ke7 49. Ra7+ Ke6 50. Ra6+ Kd5 51. Rf6 Rxh4 52. Rxf7 b3 53.
Rb7 Rh2+ 54. Kf3 Nd4+ 55. Nxd4 Kxd4 56. e6 Rh3+ 57. Kf2 Rh6 58. Rxb3 Rxe6 59.
Rb4+ Kc5 60. Rb7 Rh6 61. Rf7 Rh5 62. Rd7 h6 63. Kg3 Rh1 64. Rf7 Rh5 65. Rd7
1/2-1/2